000 03100ncm0a2200469 4500
001 RU\NLR\ONIZ\308446
005 20260426081102.0
035 _a(NLR Aleph) 022791727
071 2 0 _a6183
090 _a13698102
_c13698102
100 _a20251028d1884 u y0rusy50 ca
101 1 _arus
_aita
102 _aRU
_aPL
125 _ac|
128 _aar
145 0 _ac
200 1 _aАрия (Графиня)
_bНоты
_e"Бог любви! Сжалься и внемли..."
_dAria (Contessa)
_e"Porgi amor qualche ristoro..."
_e[из оперы] "Свадьба Фигаро"
_e(сопрано) [с фортепиано]
_zita
_fмузыка В. А. Моцарта
_gперевод текста П. Чайковскаго
203 _aМузыка
_bзнаковая
_bвизуальная
_cнепосредственная
210 _aМосква
_cу П. Юргенсона
_aС.-Петербург
_cу И. Юргенсона
_aВаршава
_cу Г. Зенневальда
_dценз. 1884
215 _a5 с.
_d33 см
225 1 _aСвадьба Фигаро
_dLa nozze di Figaro
_eполная опера для пения
_fмузыка В. А. Моцарта ; перевод текста П. Чайковскаго
_hДействие 2
_v№ 10
_zita
225 1 _aИздание Юргенсона
300 _aПросп. сер.: тит. л.
313 _aСистематизация документа проведена по изданию - Методика классифицирования музыкальных произведений (нотных изданий) по таблицам Библиотечно-библиографических классификаций : метод. рекомендации / Гос. б-ка СССР им. В.И. Ленина.- М., 1977. Индексу ББК методических рекомендаций присваивается код ББК для научных библиотек - LBC/SL
500 0 0 _aСвадьба Фигаро
_sKV 492
_lНоты
606 1 _aВокальная музыка австрийская
_z18 в.
_jНоты
_2nlr_sh
606 1 _aОперная музыка австрийская
_z18-19 вв.
_jНоты
_2nlr_sh
606 1 _aМузыкальные произведения для сопрано с фортепиано
_yАвстрия
_z18 в.
_jНоты
_2nlr_sh
606 1 _aАрии из опер для сопрано и фортепиано
_yАвстрия
_z18 в.
_jНоты
_2nlr_sh
686 0 _aЩ943.1-42-071(4А)
700 1 _6z01790
_aМоцарт
_bВ. А.
_f1756-1791
_gВольфганг Амадей
_4230
_7ca
702 1 _6z02790
_aЧайковский
_bП. И.
_f1840-1893
_gПетр Ильич
_4730
_7ca
790 1 _6z01700
_aMozart
_bW. A.
_f1756-1791
_gWolfgang Amadeus
_4230
_7ba
790 1 _6z02702
_aČajkovskij
_bP. I.
_f1840-1893
_gPetr Il'ič
_4730
_7ba
801 0 _aRU
_bNLR
_c20251028
_gPSBO
801 1 _aRU
_bNLR
_c20251028
_2rusmarc
801 2 _aRU
_bNLR
_c20251028
852 _aNLR
_jМ К-4/6768
_m274464
_t1
942 _cSCORE
980 _aONIZ
980 _aNB